The Extended Rights to Purchase Policy : Reduction of Blackout Periods in GRA Arrangements.

This note provides guidance on the operation of the IMF's Extended Rights to Purchase policy for General Resources Account (GRA) arrangements. Provided certain safeguards are met, this policy extends the period (up to some limits) in which a member may access accumulated but undrawn balances un...

Πλήρης περιγραφή

Λεπτομέρειες βιβλιογραφικής εγγραφής
Συγγραφή απο Οργανισμό/Αρχή: International Monetary Fund
Μορφή: Επιστημονικό περιοδικό
Γλώσσα:English
Έκδοση: Washington, D.C. : International Monetary Fund, 2013.
Σειρά:Policy Papers; Policy Paper ; No. 2013/044
Διαθέσιμο Online:Full text available on IMF
LEADER 01715cas a2200241 a 4500
001 AALejournalIMF020304
008 230101c9999 xx r poo 0 0eng d
020 |c 5.00 USD 
020 |z 9781498341813 
022 |a 2663-3493 
040 |a BD-DhAAL  |c BD-DhAAL 
110 2 |a International Monetary Fund. 
245 1 4 |a The Extended Rights to Purchase Policy :   |b Reduction of Blackout Periods in GRA Arrangements. 
264 1 |a Washington, D.C. :  |b International Monetary Fund,  |c 2013. 
300 |a 1 online resource (12 pages) 
490 1 |a Policy Papers 
500 |a <strong>Off-Campus Access:</strong> No User ID or Password Required 
500 |a <strong>On-Campus Access:</strong> No User ID or Password Required 
506 |a Electronic access restricted to authorized BRAC University faculty, staff and students 
520 3 |a This note provides guidance on the operation of the IMF's Extended Rights to Purchase policy for General Resources Account (GRA) arrangements. Provided certain safeguards are met, this policy extends the period (up to some limits) in which a member may access accumulated but undrawn balances under a GRA arrangement once a new test date is reached but for which the test data are not yet available. In so doing it addresses some access 'blackouts' which can affect all GRA arrangements with the Fund, but especially precautionary ones. To assist in program design, other possible access blackouts, not addressed by this policy, are also described in this note. 
538 |a Mode of access: Internet 
830 0 |a Policy Papers; Policy Paper ;  |v No. 2013/044 
856 4 0 |z Full text available on IMF  |u http://elibrary.imf.org/view/journals/007/2013/044/007.2013.issue-044-en.xml  |z IMF e-Library